| 000 | 01057nam a22002297a 4500 | ||
|---|---|---|---|
| 999 |
_c8514 _d8514 |
||
| 003 | AR-CdUCM | ||
| 008 | 190325b ||||| |||| 00| 0 spa d | ||
| 040 |
_aMUNICIPALIDAD PROVINCIAL DEL CUSCO _cBIBLIOTECA MUNICIPAL DEL CUSCO |
||
| 082 |
_a632 / _bM97 |
||
| 100 |
_aMurga Torres, Raul Telmo _923850 |
||
| 245 | _aLa Cisticercosis Porcina / | ||
| 260 |
_aCusco : _bR & W Ediciones Graficas , _c2013. |
||
| 300 |
_a119 páginas ; _c20.5 cm. |
||
| 505 | _aContenido : Reseña Historica -- Ciclo Biologico de la Taenia Solium -- Teniasis como enfermedad -- Morfologia de la Cirticercosis Porcina -- Patologia de la Cisticercosis Porcina -- Epidemiologia de la Cisticercosis Porcina -- Metodos de Diagnostico de la Cisticercosis Porcina y Teniasis -- Manejo y tratamiento de la cisticercosis porcina... | ||
| 650 |
_aEnfermedades Porcinas _923851 |
||
| 650 |
_aCirticercosis _923852 |
||
| 650 |
_aEpidemiologia _921586 |
||
| 700 |
_aIgnacio Atilio, Pacheco Pacheco _923853 |
||
| 700 |
_aJessica Garcia Atauchi _923854 |
||
| 942 |
_2ddc _cLIBROS |
||
| 945 | _artm | ||